Wszystkie potwory z Wiedźmin 3 Edycja Kompletna - Statystyki

Ogólne statystyki
  • Ten quiz został rozwiązany 311 razy
    232 od ostatniego zresetowania
  • Średni wynik to 40 z 126
Statystyki odpowiedzi
Hint Odpowiedź % Poprawnych
Bestie wilk
90%
Bestie dzik
81%
Bestie niedźwiedź
79%
Trupojady utopiec
77%
Hybrydy gryf
75%
Bestie pies
73%
Drakonidy wiwerna
71%
Drakonidy bazyliszek
69%
Relikty bies
69%
Upiory północnica
69%
Upiory południca
69%
Trupojady ghul
68%
Hybrydy syrena
66%
Wampiry wampir wyższy
66%
Upiory upiór
64%
Drakonidy kuroliszek
62%
Relikty leszy
62%
Ogrowate nekker
62%
Istoty Przeklęte wilkołak
61%
Trupojady baba wodna
60%
Trupojady alghul
59%
Bestie pantera
59%
Wampiry bruxa
58%
Insektoidy krabopająk
56%
Relikty czart
54%
Hybrydy harpia
54%
Istoty Magiczne żywiołak ognia
54%
Istoty Magiczne żywiołak ziemi
54%
Trupojady baba cmentarna
53%
Wampiry ekimma
53%
Wampiry alp
50%
Ogrowate troll skalny
50%
Relikty bożątko
48%
Ogrowate cyklop
48%
Istoty Przeklęte poroniec
47%
Drakonidy widłogon
47%
Istoty Magiczne golem
45%
Wampiry katakan
45%
Hybrydy sukkub
45%
Drakonidy wiwerna królewska
44%
Trupojady zgnilec
44%
Drakonidy oszluzg
43%
Insektoidy endriaga wojownik
42%
Ogrowate troll lodowy
42%
Istoty Magiczne żywiołak lodu
42%
Relikty doppler
41%
Istoty Przeklęte archespor
38%
Wampiry fleder
38%
Istoty Magiczne gargulec
38%
Istoty Magiczne ogar dzikiego gonu
38%
Insektoidy skolopendromorf
38%
Trupojady mglak
37%
Wampiry garkain
36%
Ogrowate lodowy gigant
36%
Insektoidy endriaga truteń
34%
Upiory morowa dziewica
34%
Upiory him
33%
Insektoidy arachnomorf
32%
Relikty borowy
31%
Hybrydy erynia
30%
Insektoidy jadowity krabopająk
30%
Insektoidy kikimora robotnica
30%
Relikty szarlej
30%
Insektoidy pancerny krabopająk
29%
Relikty wiedźmy
27%
Istoty Magiczne dżinn
26%
Insektoidy endriaga robotnik
26%
Relikty klucznik
26%
Upiory pokutnik
26%
Trupojady wicht
26%
Ogrowate goliat
24%
Trupojady parszywiec
24%
Relikty silvan
24%
Upiory barghest
23%
Trupojady wicht plamisty
19%
Drakonidy bazyliszek srebrzysty
18%
Bestie bestia z beauclair
18%
Hybrydy meluzyna
18%
Wampiry protofleder
18%
Drakonidy skrzekacz
18%
Insektoidy kikimora wojowniczka
16%
Relikty duch lasu
14%
Upiory licho ze studni
14%
Istoty Przeklęte człowiek-niedźwiedź
13%
Insektoidy biała wdowa
12%
Istoty Przeklęte królewicz ropuch
12%
Istoty Przeklęte ulfhedinn
12%
Upiory biała dama
11%
Wampiry bruxa z corvo bianco
11%
Upiory koszmar iris von everec
11%
Relikty morvudd
11%
Upiory czerwony mór
10%
Ogrowate łup łup
10%
Drakonidy smok z fyresdal
10%
Bestie trzy małe świnki
10%
Relikty wyjec
10%
Ogrowate hagubman
9%
Relikty kernun
9%
Relikty chochlik
8%
Upiory leśnica
8%
Upiory upiór z obrazów
8%
Bestie wielki zły wilk
8%
Upiory zmora
8%
Wampiry(Z) gael
7%
Drakonidy matriarchini oszluzgów
7%
Hybrydy opinikus
7%
Wampiry(Z) sarasti
7%
Trupojady abaia
6%
Istoty Magiczne barciowe widziadło
6%
Upiory beann'shie
6%
Relikty grotnik
6%
Insektoidy harrisi
6%
Trupojady ignis fatuus
6%
Hybrydy salma
6%
Istoty Magiczne skrzaty
6%
Trupojady żalnica
6%
Wampiry dettlaff van der eretein
5%
Wampiry garkain przywódca stada
4%
Istoty Magiczne therazene
4%
Relikty zła czarownica
4%
Ogrowate chmurny gigant
3%
Relikty szarlej od cesarza nilfgaardu
3%
Upiory długowłosa
2%
Istoty Magiczne golem moreau
2%
Relikty potwór z tufo
2%
Upiory upiór dafne
1%
Nie znaleziono quizów pasujących do podanych kryteriów
Rozkład punktacji
Procent ludzi z każdym wynikiem
Percentyl według liczby udzielonych odpowiedzi
Twoja historia wyników
Nie rozwiązałeś tego quizu od ostatniego zresetowania